[Event "Montreal CC-ch"]
[Site "Montreal"]
[Date "2017.06.09"]
[Round "1.7"]
[White "Democri, Radin"]
[Black "Ouellet, Maili Jade"]
[Result "0-1"]
[WhiteElo "1493"]
[BlackElo "2194"]
[PlyCount "66"]
[EventDate "2017.06.09"]
[EventType "swiss"]
[EventRounds "5"]
[EventCountry "CAN"]
[SourceTitle "EXT 2022"]
[Source "ChessBase"]
[SourceDate "2021.10.06"]
[SourceVersion "1"]
[SourceVersionDate "2021.10.06"]
[SourceQuality "1"]

1. Nf3 d5 2. b3 Nf6 3. Bb2 e6 4. g3 Be7 5. Bg2 0-0 6. 0-0 c5 7. d3 b6 8. Nbd2 Bb7 9. Re1 Nc6 10. e4 d4 11. a4 Qc7 12. Rc1 Rad8 13. Nc4 a6 14. Na3 Rd7 15. c3 dxc3 16. Rxc3 Rfd8 17. Qe2 Qb8 18. Rd1 Ba8 19. Rc2 b5 20. axb5 axb5 21. Rcd2 Na5 22. h3 Nxb3 23. Be5 Qb6 24. Rb2 c4 25. Nb1 Rxd3 26. Rxd3 Rxd3 27. Bf1 Nxe4 28. Ne1 Rd8 29. Qg4 f6 30. Nc3 Nxf2 31. Rxf2 Bc5 32. Bxf6 Bxf2+ 33. Kh2 Bg1# 0-1

[Event "Quebec-ch U12"]
[Site "Montreal"]
[Date "2016.01.15"]
[Round "1"]
[White "Rodrigue Lemieux, Shawn"]
[Black "Democri, Radin"]
[Result "1-0"]
[WhiteElo "2092"]
[BlackElo "1216"]
[PlyCount "89"]
[EventDate "2016.01.15"]
[EventType "swiss"]
[EventRounds "5"]
[EventCountry "CAN"]
[SourceTitle "EXT 2017"]
[Source "ChessBase"]
[SourceDate "2016.10.25"]
[SourceVersion "1"]
[SourceVersionDate "2016.10.25"]
[SourceQuality "1"]

1. e4 d6 2. d4 f5 3. Nc3 fxe4 4. Nxe4 d5 5. Ng3 Nc6 6. Nf3 Bg4 7. Be2 Bxf3 8. Bxf3 Nf6 9. 0-0 e6 10. Re1 Qd7 11. c4 Bb4 12. Re2 0-0 13. c5 Ne4 14. Be3 e5 15. Bxe4 dxe4 16. Qb3+ Qf7 17. d5 Nd4 18. Bxd4 exd4 19. Qxb4 Qxd5 20. Rxe4 Rad8 21. Rd1 Qxa2 22. Rexd4 Rxd4 23. Qxd4 a5 24. Qd5+ Qxd5 25. Rxd5 c6 26. Rd7 Rf7 27. Rxf7 Kxf7 28. Nf5 g6 29. Nd6+ Ke6 30. Nxb7 a4 31. Kf1 Kd5 32. Ke2 Kc4 33. Kd2 Kd4 34. Kc2 Kc4 35. f4 Kd4 36. g4 Ke4 37. f5 gxf5 38. Nd6+ Kd5 39. gxf5 Kxc5 40. Ne4+ Kd5 41. f6 Ke6 42. Kc3 h5 43. Kb4 h4 44. Kxa4 h3 45. Kb4 1-0